Art education (Record no. 394767)

MARC details
000 -LEADER
fixed length control field 00445 a2200181 4500
005 - DATE & TIME
control field 20260210111431.0
008 - FIXED-LENGTH DATA ELEMENTS--GENERAL INFORMATION
fixed length control field 260210b |||||||| |||| 00| 0 eng d
020 ## - ISBN
International Standard Book Number 978939195298
Price Rs. 600.00
040 ## - CATALOGING SOURCE
Original cataloging agency VIVEKANANDA LIBRARY
082 ## - DDC NUMBER
Classification number 707
Book Number C449A
100 ## - MAIN ENTRY--PERSONAL NAME
Personal name Chitralekha Singh
245 ## - TITLE STATEMENT
Title Art education
260 ## - PUBLICATION, DISTRIBUTION, ETC. (IMPRINT)
Name of publisher, distributor, etc Pathak Publisher
Date of publication, distribution, etc 2024
Place of publication, distribution, etc New Delhi
300 ## - PHYSICAL DESCRIPTION
Pages viii, 143
650 ## - Subject
Subject Visual Art
650 ## - Subject
Subject Art- Education
942 ## - ADDED ENTRY ELEMENTS (KOHA)
Koha item type Books
Holdings
Withdrawn status Lost status Source of classification or shelving scheme Damaged status Not for loan Location (home branch) Sublocation or collection (holding branch) Shelving location Date acquired Koha issues (times borrowed) Koha full call number Accession No. Koha date last seen Koha item type
    Dewey Decimal Classification     VIVEKANANDA LIBRARY VIVEKANANDA LIBRARY Vivekananda Library 27/01/2026   707 C449A 444302 27/01/2026 Books
© Designed and Maintained by Vivekananda Library, MDU Rohtak